000 00818nmc a2200301 a 4500
003 AR-BaBNM
005 20251128204537.0
008 011101s1992 ||||||||||||||000 | spa||
040 _cAR-BaBNM
100 1 _aGraves, Donald H.
245 1 0 _aExploraciones en clase
_blos discursos de la "no ficción"
250 _a1ª ed.
260 _aBuenos Aires
_bAique
_c1992
300 _a106 p.
490 0 _aEstrategias de aula
500 _aTraducción de Isabel Stratta
650 4 _aENSENANZA DE LA LECTURA
650 4 _aENSENANZA DE LA ESCRITURA
650 4 _aREDACCION
650 4 _aENTREVISTAS
650 4 _aAPRENDIZAJE
650 4 _aAPTITUD PARA LA LECTURA
650 4 _aRECURSOS EDUCACIONALES
650 4 _aELABORACION DE INFORMES
653 _aEDUCACION PRIMARIA
942 _cBK
998 _cSOLE
999 _c7855
_d7855